01262nam a22002297a 45000010005000000030006000050050017000110080041000280200018000690400030000870500012001170820009001291000025001382450059001632600037002223000042002595050007003015200671003085210018009795210018009977000017010153955FISKH20250829145353.0240528b cb ||||| |||| 00| 0 eng d a9780439944465 aFISK beng cFISK dFISK  aQ180.2  a616  aArnold Nick d1964-  aDeadly diseases / bHorrible science cby Nick Arnold  aNew York : bScholastic, c2008  a173 pages : billustrations, c20 cm  aQ  aScience with the squishy bits left in! Deadly Diseases will leave you squirming for more. Are you dying to discover ... which dedicated nurse drank diarrhoea? How maggots can help get rid of germs? Why a scientist used eyeballs as food for bacteria? If you think you can stomach the sick side of science, then read on to find out about all kinds of illnesses from the common cold to cruel cholera, why ancient doctors thought nasty pongs caused disease and what happens to your body when it comes under attack. With fantastic fact files and curious quizzes, teacher tests and crazy cartoons, Deadly Diseases is crammed with info. Science has never been so horrible! 8 a930 bLexile 8 aQ bRaz-Plus  aNick Arnold